| 000 | 00457 a2200181 4500 | ||
|---|---|---|---|
| 001 | 067066 | ||
| 003 | OSt | ||
| 005 | 20211026165458.0 | ||
| 008 | |||
| 082 |
_a005.133 _bK13L |
||
| 100 | 1 | _aKanetkar, Yashwant | |
| 245 | 1 |
_aLet us C solutions _cby Yashwant Kanetkar |
|
| 250 | _a9th ed. | ||
| 260 |
_aNew Delhi _bBPB Publictions _c2009 |
||
| 300 | _a482p. | ||
| 690 | _aC (Computer program language) | ||
| 942 |
_2ddc _cBK |
||
| 999 |
_c1050 _d1050 |
||